000 05665nam a2200409 a 4500
003 CHAP
005 20250707175007.0
007 ta
008 250611s2024 mx ado|fsm||| 001 0 spa d
040 _erda
041 _aspa
_beng
100 1 _aHerrero Galindo, Adriana
_9135843
240 1 0 _aHuauzontle protein modification: effect on techno-functional and structural properties and soluble complexes.
_lEspañol
245 1 0 _aModificación de proteína de huauzontle :
_befecto en propiedades tecno-funcionales, estructurales y en complejos solubles /
_cAdriana Herrero Galindo
264 _aChapingo, México :
_bEl autor,
_c2024
300 _a1 recurso en línea (x, 93 páginas) :
_bilustraciones, gráficas, fotos
336 _2rdacontent
_atexto
_btxt
337 _2rdamedia
_acomputadora
_bc
338 _2rdacarrier
_arecurso en línea
_bcr
502 _aTesis
_bDCA
_cAgroindustrias
_d2024
_gDOC
504 _aIncluye bibliografías
520 3 _aLa proteína de huauzontle (Chenopodium nuttalliae Saff.) se sometió a pH alcalino, ultrasonido o calentamiento para determinar el efecto sobre las propiedades funcionales y estructurales. Adicionalmente, se estudió la formación de complejos solubles (CS) con almidón (S) modificado con Anhidrido Octenil Succínico (OSA) y se realizó su caracterización. Para determinar el pH y la relación para la formación de SC se realizaron curvas de turbidez para cada tratamiento a diferentes relaciones (1:0.50, 1:0.25, 1:1, 1:2, 1:4), en un rango de pH de 2 a 6. La relación a la que se formaron los CS entre la proteína de huauzontle y el almidón modificado en cada tratamiento fue de 1:1 proteína nativa (Pnativa-S); 1:2 para las modificadas (sonicada (PUS-S); calentada (Pcalor-S); PpH11-S). La turbidez de los complejos se mantuvo estable después de 24 h de almacenamiento a pH por encima del punto isoeléctrico de la proteína (4.3), lo que indicó la formación de complejos solubles. El pH óptimo para la formación de complejos fue alrededor de 5. La espectroscopia infrarroja por transformada de Fourier (FT-IR) mostró picos característicos de la proteína (amida l, II y III), en la proteína nativa, modificada y en los complejos solubles, picos que desaparecieron o disminuyeron de tamaño, demostrando los cambios estructurales en la proteína y en complejos proteína-polisacárido. Las micrografías revelaron estructuras diferentes en forma y tamaño en la proteína nativa y modificada, mientras que en los complejos solubles se observó una aglomeración proteína-almidón. En cuanto a las propiedades tecno-funcionales de la proteína se encontraron cambios significativos. De acuerdo con los resultados obtenidos es posible la aplicación de la proteína de huauzontle en alimentos que busquen mejorar las propiedades nutricionales y estructurales. Los métodos de modificación estructural de proteínas, empleados en este trabajo de investigación nos permiten evaluar diferentes enfoques del uso de la proteína de huauzontle. --
520 3 _aThe huauzontle protein was subjected to alkaline pH, ultrasound, or heating to determine the effect on the functional and structural properties. Additionally, the formation of soluble complexes (SC) with starch (S) modified with Octenyl Succinic Anhydride (OSA) was studied and characterized. To determine the pH and ratio for SC formation, turbidity curves were performed for each treatment at different ratios (1:0.50, 1:0.25, 1:1, 1:1, 1:2, 1:4), in a pH range from 2 to 6. The ratio at which the SCS were formed between huauzontle protein and modified starch in each treatment was 1:1 for native protein (Pnative-S); 1:2 for modified (sonicated (PUS-S); heated (Pheat-S); PpH11-S). The turbidity of the complexes was stable after 24 h of storage at pH above the isoelectric point of the protein (4.3), indicating the formation of soluble complexes. The optimum pH for complex formation was around 5. Fourier transform infrared spectroscopy (FT-IR) showed characteristic peaks of the protein (amide I, II and III), in the native, modified protein and in the soluble complexes, peaks that disappeared or decreased in size, demonstrating structural changes in the protein and protein-polysaccharide complexes. Micrographs revealed different structures in shape and size in the native and modified protein, while protein-starch agglomeration was observed in the soluble complexes. As for the techno-functional properties of the protein, significant changes were found. According to the results, the huauzontle protein application in foods that seek to improve their nutritional and structural properties is possible. The protein structural modification methods used in this research work allow us to evaluate different approaches to the use of huauzontle protein.
650 1 3 _aChenopodium
_2atg
_922145
_xProteínas de las plantas
650 1 3 _aChenopodium
_2atg
_922145
_xValor nutritivo
650 1 3 _aProteínas
_xPropiedades funcionales
_2atg
_9151792
650 1 3 _aProteínas
_2atg
_xInteracciones electrostáticas
_992446
650 1 3 _aChenopodium
_2atg
_922145
_xPlant proteins
650 1 3 _aChenopodium
_2atg
_922145
_xNutritive value
650 1 3 _aProteins
_xFunctional properties
_2atg
_9151793
650 1 3 _aProteins
_xElectrostatic interactions
_2atg
_9148398
700 1 _aLobato Calleros, Consuelo Silvia Olivia
_9151494
_edirectora
700 1 _aVernon Carter, Eduardo Jaime
_9159641
_easesor
700 1 _aHernández Rodríguez, Blanca Elizabeth
_9161439
_easesora
856 4 0 _uhttp://10.13.5.2/tesis/td/1913219-5_HERRERO_GALINDO_ADRIANA.pdf
_yDESCARGAR PDF
942 _2Clasificación Universidad Autónoma Chapingo
_cTD
999 _c220590
_d220590